000 00420nam a2200169 a 4500
001 23408
005 20180713221454.0
008 140415s1993 mx 000 0 spa d
020 _a9686664717
041 _aspa
082 _a012
_bBIB
245 0 0 _aBIBLIOGRAFIA DE SILVIO ZAVALA
250 _a2a ed.
260 _aMEXICO :
_bEL COLEGIO NACIONAL,
_c1993
300 _a147
650 1 4 _aBIBLIOGRAFIAS
999 _c23408
_d23408